LEADER 00850nam0-2200325---450- 001 990010060450403321 005 20160405153756.0 010 $a978-88-15-25986-8 035 $a001006045 035 $aFED01001006045 035 $a(Aleph)001006045FED01 035 $a001006045 100 $a20160405d2015----km-y0itay50------ba 101 0 $aita 102 $aIT 105 $a--------001yy 200 1 $aPrudenza$fStefano Zamagni 210 $aBologna$cil Mulino$d2015 215 $a126 p.$d18 cm 225 1 $aParole controtempo 610 0 $aVirtù$aPrudenza$aAspetti socioeconomici 676 $a179.9$v22$zita 676 $a338.9$v22$zita 700 1$aZamagni,$bStefano$f<1943- > 801 0$aIT$bUNINA$gRICA$2UNIMARC 901 $aBK 912 $a990010060450403321 952 $a179.9 ZAM 1$b2457$fBFS 959 $aBFS 997 $aUNINA LEADER 01644nam 2200385z- 450 001 9910689587603321 005 20161209101348.0 035 $a(CKB)5860000000022532 035 $a(BIP)007784065 035 $a(EXLCZ)995860000000022532 100 $a20220406c2002uuuu -u- - 101 0 $aeng 200 10$aExamining Minnesota's economy after September 11th $estrategies for workforce and business recovery : hearing before the Subcommittee on Employment, Safety, and Training of the Committee on Health, Education, Labor, and Pensions. United States Senate, One Hundred Seventh Congress, first session on examining Minnesota's economy after September 11th : strategies for workforce and business recovery, October 8, 2001 (Bloomington, MN) 215 $a1 online resource (iii, 64 p.) 311 $a0-16-067062-4 517 $aExamining Minnesota's economy after September 11th 606 $aEconomic security$zMinnesota 606 $aIndustrial safety$zMinnesota 606 $aSeptember 11 Terrorist Attacks, 2001$xEconomic aspects 607 $aMinnesota$xEconomic conditions 610 $aEconomic security 610 $aIndustrial safety 610 $aSeptember 11 terrorist attacks, 2001 610 $aMinnesota 610 $aPolitical science 610 $aTechnology & engineering 610 $aHistory 610 $aBusiness & economics 615 0$aEconomic security 615 0$aIndustrial safety 615 0$aSeptember 11 Terrorist Attacks, 2001$xEconomic aspects. 906 $aBOOK 912 $a9910689587603321 996 $aExamining Minnesota's economy after September 11th$93220508 997 $aUNINA